Responses for show #3781 - Monday, January 29, 2001

Contestants

Matt Waddell, an attorney from Flushing, New York

Naomi Barell Urbaitel, a photographer & desktop publisher from Burlington, Vermont

Aaron Kilmer, a graduate student from Pasadena, California (whose 1-day cash winnings total $9,700)

Jeopardy! Round responses

THE MARSHAL PLAN
(Alex: Notice the spelling.)
AUTHOR! AUTHOR!
A MICHAEL JACKSON QUICKIE
TERRITORIAL GOVERNORS
CHAPTER 1, VERSE 1
(Alex: You have to name the Biblical book we are quoting.)
"V" ARE NOT AFRAID
    $100 1
The Census

Matt
    $100 5
Benjamin Franklin

Aaron
    $100 23
Lisa Marie Presley

Aaron
    $100 21
(Alex: That's why I never play chess -- too tough, too tough!)

Chess

Naomi
    $100 13
Genesis

Aaron
    $100 3
Vein

Aaron
    $200 2
1789

Triple Stumper
    $200 10
William Faulkner

Matt
    $200 27
Janet Jackson

Naomi
    $200 22
Hawaii

Matt
    $200 14
Job

Triple Stumper
    $200 4
Martin Van Buren

Naomi
    $300 9
Con Air

Matt
    $300 11
James Joyce

Matt
    $300 28
"Thriller"

Aaron
    $500 24
(A: Who was Benjamin Harrison?)

William Henry Harrison

Aaron
    $300 15
(N: What is Numbers?)

Exodus

Naomi
Triple Stumper
    $300 6
(A: What is vermouth?)

Vodka

AaronMatt
    $400 19
Olympic athletes

Aaron
    $400 12
Alex Haley

Aaron
    $400 29
"Moonwalk"

Matt
    $400 25
(N: Sorry.)

William Clark

Naomi
Triple Stumper
    $400 16
(A: What are Proverbs?)

Psalms

AaronNaomi
    $400 7
Wernher von Braun

Matt
    $500 20
(M: What is the secretary?)

Attorney General

Matt
Triple Stumper
    $500 18
Salman Rushdie

Matt
    $500 30
Debbie Rowe

Triple Stumper
    $500 26
(M: What is Topeka?)

Omaha

AaronMatt
    $500 17
(M: What is Exodus?)

Daniel

Matt
Triple Stumper
    $500 8
Virus

Matt

Scores at the first commercial break (after clue 15):

Aaron Naomi Matt
$1,000 -$100 $1,500

Scores at the end of the Jeopardy! Round:

Aaron Naomi Matt
$1,400 $200 $1,100

Double Jeopardy! Round responses

THE MARSHALL PLAN
(Alex: Notice the 2 "L"s in this one.)
MOVIE PORTRAYALS
A RIVER RUNS THROUGH IT
(Alex: We'll name some cities & you identify the river.)
ENCYCLOPEDIC KNOWLEDGE
SOLAR SYSTEM TOUR
ALPHABET SOUP
(Alex: Each correct response will be a letter or a number of letters of the alphabet as opposed to a word.)
    $200 3
Thurgood Marshall

Aaron
    $200 9
Jim Carrey

Matt
    $200 16
(M: What is Texas?)

Rio Grande

AaronMatt
    $200 23
Macropedia

Aaron
    $200 1
Pluto

Matt
    $200 14
ER

Matt
    $400 4
Marshall Field

Triple Stumper
    $400 10
Meryl Streep

Naomi
    $400 17
Tiber

Aaron
    $400 24
World Book

Naomi
    $400 2
Volcano

Aaron
    $400 15
DDT

Aaron
    $600 5
Peter Marshall

Naomi
    $600 11
Frank Serpico

Matt
    $600 18
(N: The Yellow River?)

Yangtze

AaronNaomi
    $600 6
(A: What is Neptune?)
(N: What is Jupiter?)

Uranus

AaronNaomi
Triple Stumper
    $600 26
TNT

Matt
    $800 21
George Marshall

Triple Stumper
    $2,000 12
Medgar Evers

Matt
    $2,000 19
Amazon

Aaron
    $800 7
Jupiter

Matt
    $800 27
(buzzer sounds)

CEO

Matt
    $1000 22
(less than a minute, now...)

Marshall McLuhan

Matt
    $1000 13
Rocky Graziano

Naomi
    $1000 20
(M: What is the Seine?)

Loire

Matt
Triple Stumper
    $1000 8
Titan

Matt
    $1000 25
MSG

Matt

Scores at the end of the Double Jeopardy! Round:

Aaron Naomi Matt
$5,200 $1,400 $8,300

[wagering suggestions for these scores]

Final Jeopardy! Round responses

SPORTS PHRASES
NaomiWhat is boxing?
$1,399
AaronWhat is pugilism?
$2,300
MattWhat the sweet science
$2,200
The Sweet Science

Final scores:

Aaron Naomi Matt
$2,900 $1 $10,500
2nd place: Trip to Vienna, Austria courtesy of Priceline.com 3rd place: Samsung Cameras New champion: $10,500

Game dynamics:

Coryat scores:

Aaron Naomi Matt
$4,500 $1,400 $7,100
17 R
(including 1 DD),
3 W
(including 1 DD)
8 R,
4 W
20 R
(including 1 DD),
6 W

Combined Coryat: $13,000

The J! Archive is created by fans, for fans. The Jeopardy! game show and all elements thereof, including but not limited to copyright and trademark thereto, are the property of Jeopardy Productions, Inc. and are protected under law. This website is not affiliated with, sponsored by, or operated by Jeopardy Productions, Inc. Join the discussion at JBoard.tv.